000 00855cam a2200169 4500
001 ##L136109
008 070110n 000 0 eng u
035 _a(Sirsi) u136109
110 2 _aSteel Construction Institute
_91900
245 0 0 _aSteel Construction Institute
520 _aWebsite for this member institute which provides technical services to professionals within the steel construction industry. Provides access to Steelbiz, the technical library for steel construction which includes online information. Website also covers news, publications including the latest issue New Steel Construction, education, and projects.
590 _aKA
651 4 _aUnited Kingdom
_y
690 _aBUILT ENVIRONMENT-BUILDING MATERIALS-METAL-STEEL
856 4 0 _uhttps://www.steel-sci.org
_zView the website free of charge at www.steel-sci.org...
942 _n0
999 _c120551
_d120551